| 000 | 01566cam a2200301 4500 | ||
|---|---|---|---|
| 001 | ABS67877 | ||
| 008 | 040525n2004 000 0 eng u | ||
| 035 | _a(Sirsi) u126289 | ||
| 100 | _aMacrory, R. | ||
| 245 | _aNature conservation and human rights | ||
| 260 | _c2004 | ||
| 490 |
_aENDS Report _v(351) April 2004, 61(1) |
||
| 520 | _aIn the case, "Trailer and Marina (Leven) Ltd v SoS Environment and another" ([2004] EWHC 153 (Admin)) the HC has ruled that the tougher compensation provisions concerning Sites of Special Scientific Interest introduced under the Countryside and Rights of Way Act 2000 are compatible with the Convention for the Protection of Human Rights and Fundamental Freedoms. View "Trailer" judgment at www.bailii.org. [Taken from journal abstract]. | ||
| 590 | _aABS | ||
| 590 | _aABS | ||
| 650 | _aTRAILER AND MARINA (LEVEN) LTD V SOS ENVIRONMENT AND ANOTHER | ||
| 650 | _aCOUNTRYSIDE AND RIGHTS OF WAY ACT 2000 | ||
| 650 | _aCOMMERCIAL ACTIVITY | ||
| 650 | _aCOMMERCIAL DEVELOPMENTS | ||
| 650 | _aCOMPENSATION | ||
| 650 | _aCONVENTION FOR THE PROTECTION OF HUMAN RIGHTS AND FUNDAMENTAL FREEDOMS | ||
| 650 | _aSITES OF SPECIAL SCIENTIFIC INTEREST | ||
| 650 | _aCANALS | ||
| 690 | _aRURAL-NATURE CONSERVATION | ||
| 856 |
_uhttps://www.bailii.org/cgi-bin/markup.cgi?doc=/ew/cases/EWHC/Admin/2004/153.html _zView "Trailer" judgment on the BAILII website... |
||
| 856 |
_uhttps://www.bailii.org/cgi-bin/markup.cgi?doc=/ew/cases/EWHC/Admin/2004/153.html _zView "Trailer" judgment on the BAILII website... |
||
| 942 | _n0 | ||
| 999 |
_c117399 _d117399 |
||